| 000 | 00361 a2200157 4500 | ||
|---|---|---|---|
| 001 | 47253 | ||
| 020 | _a8585466316 (broch.) | ||
| 040 | _cAnchieta - Aquarius | ||
| 100 | _aAzevedo, Ricardo | ||
| 240 | 1 | 0 |
_aAviãozinho de papel _l |
| 245 | 1 | 0 | _aAviãozinho de papel |
| 300 | _a23p. | ||
| 362 | 0 | _a2004 | |
| 650 | 4 | _aLiteratura infanto-juvenil | |
| 942 | _cBK | ||
| 999 |
_c47253 _d47253 |
||